000
00412nam a2200145Ia 4500
008
100122s9999 xx 000 0 und d
082
_b
65660
_a
823.08
100
_a
खान राजन
245
_a
बीज धारणा
260
_b
श्रीपाद प्रकाशन
_c
2004
300
_a
184
630
_a
बीज धारणा
730
_a
बीज धारणा
942
_c
BOOK
999
_c
438583
_d
438580